Rozmarné písně pro baryton a klavír : (1932) /

Main Author: Bořkovec, Pavel, 1894-1972
Language: German
Czech
Published: Praha : Hudební matice Umělecké besedy, c1938
Physical Description: 1 partitura (15 s.)
Language note: Souběžný německý text
Musical Score Musical Score
Saved in:
LEADER 00943ncm a22002532a 4500
001 001375048
003 CZ BrMZK
005 20150211154906.0
007 qu
008 140319s1938 xr ||||| |||||||||||cze d
040 |a BOA001  |b cze 
041 0 |a cze  |a ger 
072 7 |a 784  |x Vokální hudba  |2 Konspekt  |9 9 
100 1 |a Bořkovec, Pavel,  |d 1894-1972  |7 jk01012733  |4 cmp 
245 1 0 |a Rozmarné písně  |h [hudebnina] :  |b pro baryton a klavír : (1932) /  |c Pavel Bořkovec 
260 |a Praha :  |b Hudební matice Umělecké besedy,  |c c1938 
300 |a 1 partitura (15 s.) 
505 0 0 |t Krysař --  |t Epitaf --  |t O bláznovství v lásce 
546 |a Souběžný německý text 
910 |a BOA001  |b Mus4-0163.973 
990 |a MU 
991 |b 201403 
996 6 |b 2619658766  |c Mus4-0163.973  |l MZK  |r Sklad / do 1 hodiny  |n 0  |w 001410041  |u 000020  |a 1  |e BOA001  |j MZK50  |s P 
996 7 |b 2619658767  |c Mus4-0163.973  |l MZK  |r Sklad / do 1 hodiny  |n 0  |w 001410041  |u 000010  |a 1  |e BOA001  |j MZK50  |s A